MARC

LEADER 00000nas a2200000 i 4500
001 ssj0000389087
003 WaSeSS
005 20200512172242.0
006 m d
007 cr n
008 091216c19949999ck fr p s bo 0 0spa c
010 |a  2014240257 
022 |a 2357-4720  |y 0121-8417 
035 |a (WaSeSS)ssj0000389087 
040 |a OCLCS  |b eng  |e pn  |c OCLCS  |d OCLCS  |d OCLCQ  |d OCLCE  |d OCLCQ  |d OCLCF  |d IXA  |d OCLCA  |d IXA  |d VT2  |d WaSeSS 
041 0 |a spa  |b eng 
042 |a pcc 
043 |a s-ck--- 
130 0 |a Historia y sociedad (Medellín, Colombia) 
245 1 0 |a Historia y sociedad  |h [electronic resource]. 
260 |a Medellín, Colombia :  |b Universidad Nacional de Colombia, Sede de Medellín, Facultad de Ciencias Humanas y Económicas,  |c 1994- 
310 |a Semiannual,  |b 2008- 
321 |a Annual,  |b 1994-2007 
362 1 |a Began with: Núm. 1 (1994). 
506 |a License restrictions may limit access. 
546 |a In Spanish; some articles have abstracts in English and Spanish. 
588 |a Description based on: Núm. 1 (1994); title from PDF cover (publisher's Web site, viewed June 11, 2014). 
588 |a Latest issue consulted: No. 25 (julio-diciembre de 2013) (viewed June 11, 2014). 
610 2 0 |a Universidad Nacional de Colombia.  |b Sede de Medellín  |x Dissertations  |v Bibliography  |v Periodicals. 
610 2 7 |a Universidad Nacional de Colombia.  |b Sede de Medellín.  |2 fast  |0 (OCoLC)fst00605959 
650 0 |a Dissertations, Academic  |z Colombia  |v Bibliography  |v Periodicals. 
650 7 |a Dissertations, Academic.  |2 fast  |0 (OCoLC)fst00895423 
651 0 |a Colombia  |x History  |v Periodicals. 
651 0 |a Colombia  |x History  |v Book reviews  |v Periodicals. 
651 0 |a Colombia  |x History  |v Bibliography  |v Periodicals. 
651 7 |a Colombia.  |2 fast  |0 (OCoLC)fst01205916 
655 0 |a Electronic journals. 
710 2 |a Universidad Nacional de Colombia.  |b Sede de Medellín.  |b Facultad de Ciencias Humanas y Económicas. 
776 0 8 |i Print version:  |t Historia y sociedad (Medellín, Colombia)  |x 0121-8417  |w (DLC) 98655713  |w (OCoLC)35027921 
856 4 0 |z Full text available from Research Library: 11/01/2007 to present  |u https://search.proquest.com/publication/54958 
856 4 0 |z Full text available from PRISMA Database with HAPI Index: 11/01/2007 to 01/31/2017  |u https://search.proquest.com/publication/85353